Historia de la literatura española. tomo 2 /
Guardado en:
| Autor Principal: | |
|---|---|
| Formato: | Libro |
| Publicado: |
España :
G. Gili,
1960
|
| Edición: | 6a. ed. |
| Materias: | |
| Etiquetas: |
Agregar Etiqueta
Sin Etiquetas, Sea el primero en etiquetar este registro!
|
| LEADER | 00576nam a22001935a 4500 | ||
|---|---|---|---|
| 001 | CEM.cems006398 | ||
| 005 | 20060214000000.0 | ||
| 008 | 130507s1960##################000#0#####d | ||
| 003 | CEMS | ||
| 082 | 0 | 4 | |a 860.9 |
| 100 | 1 | |a Valbuena Prat, Angel | |
| 245 | 1 | 0 | |a Historia de la literatura española. tomo 2 / |
| 250 | |a 6a. ed. | ||
| 260 | |a España : |b G. Gili, |c 1960 | ||
| 653 | |a Literatura | ||
| 653 | |a Literatura española | ||
| 653 | |a Literatura española-historia | ||
| 653 | |a Literatura española-siglo de o | ||
| 859 | |a CEMS |b BIB. CEMS - 11 de abril |h 860.9 |i V249a6/II |p 4287.75 |t Ej.1 | ||
